<?xml version="1.0" encoding="UTF-8"?>
<collection xmlns="http://www.loc.gov/MARC21/slim">
 <record>
  <leader>00530nam a22001575a 4500</leader>
  <controlfield tag="001">EHU.bham051040</controlfield>
  <controlfield tag="008">221012s2018####ag############000#0#####d</controlfield>
  <controlfield tag="005">20221012091213.0</controlfield>
  <datafield tag="245" ind1="0" ind2="0">
   <subfield code="a">Humareda /</subfield>
   <subfield code="c">Martín Broide ; tapa tipográfica de Walterio Uranga.</subfield>
  </datafield>
  <datafield tag="260" ind1=" " ind2=" ">
   <subfield code="a">Villa Ventana :</subfield>
   <subfield code="b">Maravilla,</subfield>
   <subfield code="c">2018.</subfield>
  </datafield>
  <datafield tag="100" ind1="1" ind2=" ">
   <subfield code="a">Broide, Martín.</subfield>
  </datafield>
  <datafield tag="700" ind1="1" ind2=" ">
   <subfield code="a">Uranga, Walterio.</subfield>
  </datafield>
  <datafield tag="082" ind1="9" ind2="8">
   <subfield code="a">A861.5 B866</subfield>
  </datafield>
  <datafield tag="653" ind1=" " ind2=" ">
   <subfield code="a">Literatura argentina-2000-</subfield>
  </datafield>
  <datafield tag="653" ind1=" " ind2=" ">
   <subfield code="a">Poesía regional argentina -2000-</subfield>
  </datafield>
  <datafield tag="859" ind1=" " ind2=" ">
   <subfield code="a">AR-BHAM</subfield>
   <subfield code="b">BIB. HUMANIDADES - General</subfield>
   <subfield code="h">A861.5</subfield>
   <subfield code="i">B866</subfield>
   <subfield code="p">31.20</subfield>
  </datafield>
 </record>
</collection>
